Home on the Range - Lyrics - Statistics

General Stats
  • This quiz has been taken 36 times
  • The average score is 8 of 13
Answer Stats
Answer % Correct
Home, {home} on the {range}
97%
Oh, give me a {home} where the buffalo {roam}
97%
Where the {deer} and the {antelope} play
94%
Where seldom is heard a {discouraging} {word}
91%
And the {skies} are not {cloudy} all day
79%
It's not likely he'll {ever} return
73%
How often at night when the heavens are {bright}
64%
I see the {light} of those flickering stars
48%
Have I laid there amazed and asked as I {gazed}
39%
The {red} man was pressed from this part of the west
30%
To the {banks} of Red River where seldom if ever
21%
His flickering {campfires} still burn
18%
If their {glory} exceeds that of love
6%
No matching quizzes found
Score Distribution
Percent of People with Each Score
Percentile by Number Answered
Your Score History
You have not taken this quiz